<?xml version="1.0" encoding="UTF-8"?>
<record
    xmlns:xsi="http://www.w3.org/2001/XMLSchema-instance"
    xsi:schemaLocation="http://www.loc.gov/MARC21/slim http://www.loc.gov/standards/marcxml/schema/MARC21slim.xsd"
    xmlns="http://www.loc.gov/MARC21/slim">

  <leader>01721nam a22001697a 4500</leader>
  <controlfield tag="008">140526t20142014xxu||||| |||| 00| 0 spa d</controlfield>
  <datafield tag="020" ind1=" " ind2=" ">
    <subfield code="a">978-607-406-573-2</subfield>
  </datafield>
  <datafield tag="050" ind1=" " ind2=" ">
    <subfield code="a">KGF7611 A28 2014</subfield>
  </datafield>
  <datafield tag="110" ind1=" " ind2=" ">
    <subfield code="a">Distrito Federal [Leyes, etc.]</subfield>
  </datafield>
  <datafield tag="245" ind1="1" ind2="0">
    <subfield code="a">Agenda civil del D.F. 2014</subfield>
    <subfield code="c">: compendio de leyes, reglamentos y otras disposiciones conexas sobre la materia</subfield>
  </datafield>
  <datafield tag="260" ind1=" " ind2=" ">
    <subfield code="a">M&#xE9;xico </subfield>
    <subfield code="b">: Ediciones Fiscales ISEF</subfield>
    <subfield code="c">, 2014.</subfield>
  </datafield>
  <datafield tag="300" ind1=" " ind2=" ">
    <subfield code="a">1 v. (paginaci&#xF3;n variada) </subfield>
    <subfield code="c">; 17 cm.</subfield>
  </datafield>
  <datafield tag="505" ind1=" " ind2=" ">
    <subfield code="a">C&#xF3;digo civil para el Distrito Federal; C&#xF3;digo de Procedimientos Civiles para el Distrito Federal; C&#xF3;digo Civil Federal; C&#xF3;digo Federal del Procedimientos Civiles; Ley de Responsabilidad Civil para la Protecci&#xF3;n del Derecho a la Vida Privada, el honor y la propia imagen en el Distrito federal; Ley de Propiedad en Condominio de Inmuebles para el Distrito Federal y reglamento; Ley Registral para el Distrito Federal; Ley del Notariado para el Distrito Federal; Ley del notarios del Distrito Federal; Convenio de Coordinaci&#xF3;n para efectuar el Registro de Recien Nacidos en las clinicas y hospitales del Sector Salud en el Distrito Federal; Ley de instituciones de Asistencia Privada parael D.F; Ley para prevenir y eliminar la Discriminaci&#xF3;n del Distrito Federal; Ley de Acceso de las mujeres a una vida Libre de Violencia para el Distrito Federal; Ley de Sociedad de Convivencia para el Distrito Federal; Ley de la Procuraduria Social del D.F; Reglamento de la Ley de la Procuraduria Social del D.F; Decreto que abroga el Diverso que Prorroga los Contratos de Arrendamiento de las cosas o Locales que se citan.</subfield>
  </datafield>
  <datafield tag="650" ind1="1" ind2="0">
    <subfield code="2">DERECHO CIVIL -- DISTRITO FEDERAL</subfield>
  </datafield>
  <datafield tag="650" ind1="1" ind2="0">
    <subfield code="2">PROCEDIMIENTO CIVIL -- DISTRITO FEDERAL</subfield>
  </datafield>
  <datafield tag="942" ind1=" " ind2=" ">
    <subfield code="c">LB</subfield>
  </datafield>
  <datafield tag="952" ind1=" " ind2=" ">
    <subfield code="0">0</subfield>
    <subfield code="1">0</subfield>
    <subfield code="2">lcc</subfield>
    <subfield code="4">0</subfield>
    <subfield code="7">0</subfield>
    <subfield code="a">21</subfield>
    <subfield code="b">21</subfield>
    <subfield code="d">0000-00-00</subfield>
    <subfield code="l">20</subfield>
    <subfield code="o">KGF7611 A28 2014</subfield>
    <subfield code="p">21 002337</subfield>
    <subfield code="r">2025-01-06</subfield>
    <subfield code="s">2023-04-12</subfield>
    <subfield code="t">1</subfield>
    <subfield code="w">2014-05-26</subfield>
    <subfield code="y">LB</subfield>
  </datafield>
  <datafield tag="952" ind1=" " ind2=" ">
    <subfield code="0">0</subfield>
    <subfield code="1">0</subfield>
    <subfield code="2">lcc</subfield>
    <subfield code="4">0</subfield>
    <subfield code="7">0</subfield>
    <subfield code="a">21</subfield>
    <subfield code="b">21</subfield>
    <subfield code="d">0000-00-00</subfield>
    <subfield code="l">26</subfield>
    <subfield code="o">KGF7611 A28 2014</subfield>
    <subfield code="p">21 002338</subfield>
    <subfield code="r">2025-06-05</subfield>
    <subfield code="s">2023-04-12</subfield>
    <subfield code="t">2</subfield>
    <subfield code="w">2014-05-26</subfield>
    <subfield code="y">LB</subfield>
  </datafield>
  <datafield tag="999" ind1=" " ind2=" ">
    <subfield code="c">92890</subfield>
    <subfield code="d">92890</subfield>
  </datafield>
</record>
